000 00620cam a2200229u 4500
001 45035
003 BD-RjUL
005 20211209053943.0
008 160721s1954 nyua 000 0 eng
035 _a(BD-RjUL)45153
040 _aDLC
_cBD-RjUL
_beng
041 _aeng
082 _223
_a330.1951
_bECO 1954
245 1 0 _aEconomic activity analysis /
260 _aNew York :
_bWiley,
_cc1954
300 _axviii, 554 p.
_bill.
_c24 cm.
650 0 _aEconomics, Mathematical.
_9137979
650 0 _aLinear programming.
_9137980
700 _aMorgenstern, Oskar,
_9131679
942 _2ddc
_cBK
999 _c45035
_d45035